000 00294nam a22001337a 4500
003 SGT
020 _a978-81-8704-028-0
082 _a641
_bBAG
100 _aBAGCHI, S.N.
245 _aTB. OF FOOD AND BEVERAGE SERVICE
260 _aDELHI
_bAMAN PUB.
_c2004
300 _a531
942 _2ddc
_cBK
999 _c21086
_d21086